| 000 | 00900cab a2200289 4500 | ||
|---|---|---|---|
| 001 | WB3029-21 | ||
| 008 | 090401t1994 xxu||||| |||| 00| 0 eng d | ||
| 035 | _a(Sirsi) u16571 | ||
| 041 | _aeng | ||
| 245 | _aOut-of-town shopping set to reach saturation | ||
| 260 | _c1994 | ||
| 350 | _a0 | ||
| 490 |
_aEuropean _vBusiness and Economics 28 July 1994, 30(1) |
||
| 520 | _aReports that out-of-town shopping centre schemes have reached saturation point in Europe. Reviews the situation in Germany, the Netherlands, Belgium and France. | ||
| 650 | _aBELGIUM | ||
| 650 | _aEUROPE | ||
| 650 | _aFRANCE | ||
| 650 | _aGERMANY | ||
| 650 | _aNETHERLANDS | ||
| 650 | _aOUT-OF-TOWN SHOPPING CENTRES | ||
| 650 | _aRETAIL DEVELOPMENT | ||
| 650 | _aSHOPPING CENTRES | ||
| 690 | _aPROPERTY-COMMERCIAL PROPERTY-RETAIL PROPERTY | ||
| 690 | _aOVERSEAS-EUROPE | ||
| 942 | _n0 | ||
| 948 | _c04/03/1997 | ||
| 999 |
_c10927 _d10927 |
||